000 00722nam a2200229Ia 4500
003 GCL
008 140319s9999 xx 000 0 ara d
040 _aGCL /
_cGCL
082 0 4 _a157.7
_bك ص
100 1 _aفرانسوا كلوتية
245 1 0 _aالصحة النفسية /
_cفرانسوا كلوتية
700 1 _aجميل ثابت
700 1 _aميشال ابى فاضل
260 _a[S.N] :
_bالمؤسسة الجامعية للدراسات والنشر والتوزيع ،
_c1992
300 _a112 ص
490 _a
650 0 4 _aالصحة النفسية
650 0 4 _aالشخصية
650 0 4 _aالاضطرابات النفسية
650 0 4 _aالصحة العقلية
942 _2ddc
_cBK
999 _c53839
_d53839